| 000 | 00427cam a2200169ua 4500 | ||
|---|---|---|---|
| 020 | _c3.00 | ||
| 041 |
_amal _h |
||
| 082 |
_a894.812301 _bPAU/OR |
||
| 100 | _aPaul , Cherakkarot . | ||
| 245 |
_aOru Maithanam Kure Vazhikal / _cPaul Cherakkarot. _hTextual Documents |
||
| 260 |
_aChambakkulam : _bB.K.M.Book Depot , _c1966. |
||
| 300 | _a208 ; . | ||
| 365 | _a3.00 | ||
| 504 | _a | ||
| 942 | _cBK | ||
| 999 |
_c998 _d998 |
||